| 000 | 00656nam a22001337a 4500 | ||
|---|---|---|---|
| 040 | _cRUA | ||
| 082 | _aRUB RIC 2017 B643 Or.1 | ||
| 100 | _aRICH SOYA រិច សូយ៉ា | ||
| 245 | _agrafting test on five rubber clones at cambodian rubber research institute ការពីសោធលើការបំបៅក្លុនកៅស៊ូចំនួន០៥នៅវិទ្យាស្ថានស្រាវជ្រាវកៅស៊ូកម្ពុជា | ||
| 260 |
_aRUA _bPHnom Penh _c2017 |
||
| 300 |
_ax;42p _bill; _c29cm |
||
| 856 | _uhttps://drive.google.com/file/d/1iXKFRhch-7XHmUMQQtQSPikey90Jrxxk/view?usp=sharing | ||
| 942 | _cRUB | ||
| 999 |
_c18110 _d18110 |
||